| 000 | 01207nam0a2200313 4500 | ||
|---|---|---|---|
| 001 | RU\NLR\bibl\103313 | ||
| 005 | 20250617084602.0 | ||
| 010 |
_a5-7691-1010-4 _9200 |
||
| 021 |
_aRU _b2000-13913 _9674 |
||
| 035 | _a(NLR Aleph) 000101063 | ||
| 090 |
_a570628 _c570628 |
||
| 100 | _a20000814d1999 |||y0rusy50 ca | ||
| 101 | 0 | _arus | |
| 102 | _aRU | ||
| 105 | _ay ||||||||| | ||
| 200 | 1 |
_aМинералы Нижнего Тагила и его окрестностей _fА.А. Канонеров _gРос. акад. наук. Ур. отд-ние, Ин- минералогии, Ур. лет. минерал. шк. |
|
| 210 |
_aМиасс _cИМин _d1999 |
||
| 215 |
_a60 с. _cсхем. _d21 |
||
| 320 | _aБиблиогр.: с. 49-60 и в тексте | ||
| 606 | 0 |
_aМинералы _xОкрестности _yНижний Тагил, город _92177783 _3RU\NLR\auth\661309763 |
|
| 686 | _aД330.09(2Р36-4Св) | ||
| 700 | 1 |
_aКанонеров _bА. А. _gАлександр Анатольевич _4070 |
|
| 801 | 0 |
_aRU _bNLR _c20000814 _gPSBO |
|
| 801 | 1 |
_aRU _bNLR _c20000814 |
|
| 830 | _aАвт. по кн. | ||
| 852 |
_aNLR _j2000-6/413 |
||
| 942 | _cBOOK | ||
| 980 | _aNB | ||